000 01316pam a2200289 a 4500
001 3070
005 20240202111059.0
020 _a9781338049060
040 _aDLC
_cDLC
_dDLC
_beng
050 0 0 _aQH112.C63
_b 1989
082 0 0 _a574.
100 1 _aCobb, Vicki
245 1 0 _aThis place is wet /
_cby Vicki Cobb ; illustrated by Barbara Lavallee.
260 _aNew York :
_bScholastic ,
_c1989
300 _a30 unnumbered pages :
_bcolor illustrations ;
_c26 cm.
490 _aImagine living here
505 _aZ
520 _aCan you imaging living in a place where there is so much water some houses need to be built on stilts to protect them when the river rises? Or where it is so wet that some plants can grow on the sides of trees with their roots gathering water from the air? In this book you'll find out all sorts of things about what it's like to live in the rain forest of Brazil. Try to imagine living there!
521 _a900
_bLexile
521 _aZ
_bLexile
650 0 _aRain forest ecology
_zAmazon River Region
_xJuvenile literature.
650 0 _aRain forest ecology
_zBrazil
_xJuvenile literature.
650 1 _aRain forest ecology
_zAmazon River Region.
700 1 _aLavallee, Barbara
_eillustrator
906 _a7
_bcbc
_corignew
_d1
_eocip
_f19
_gy-gencatlg
942 _2ddc
_cBK
_n0
999 _c3070
_d3070